000 01619nam a22003977a 4500
003 CHAP
005 20220329132918.0
008 971013s1989 r 00010 d
010 _a193
011 _a1165
035 _a341
040 _cCHAP
082 _a581.38
_bG7Y 1981
100 0 0 _aGrant, Verne.
_950433
245 _aEspeciación vegetal
260 _aMéxico, D. F. :
_bLimusa,
_c1989
300 _a587 p.
_b: ilus.
500 _a35-146
500 _aTrad. de : Plant speciation de la 2a. ed. de 1981
590 _aBATCH-UPD
_b10
_c20130110
_lUCH01
_h1852
590 _aBATCH-UPD
_b10
_c20130410
_lUCH01
_h1221
590 _aBATCH-UPD
_b10
_c20130914
_lUCH01
_h1320
590 _aCONVERSION
_b10
_c20130109
_lUCH01
_h1302
650 1 4 _aEspecies.
_937790
650 1 4 _aEvolución (Plantas)
_939010
901 _aBK
942 _cLIBRO
949 _a581.38 G7y 1981
_bBC
_cLIBRO
_d33724000540340
_eLIBRO
_fc.3
_gI.c/e
_h86987
_i341
_si
_t37.00
949 _a581.38 G7y 1981
_bBC
_cLIBRO
_d33724000540357
_eLIBRO
_fc.4
_gI.c/e
_h86988
_i341
_si
_t37.00
949 _a581.38 G7y 1981
_bBC
_cLIBRO
_d33724000540365
_eLIBRO
_fc.7
_h77091
_i341
_si
_t3700.00
949 _a581.38 G7y 1981
_bBC
_cLIBRO
_d33724000540373
_eLIBRO
_fc.8
_h86988
_i341
_si
_t3700.00
949 _a581.38 G7y 1981
_bBC
_cLIBRO
_d33724000540381
_eLIBRO
_fc.5
_gI.c/e
_h77089
_i341
_si
_t37.00
949 _a581.38 G7y 1981
_bBC
_cLIBRO
_d33724000540399
_eLIBRO
_fc.2
_gI.c/e
_h86986
_i341
_si
_t37.00
949 _a581.38 G7y 1981
_bBC
_cLIBRO
_d33724000540407
_eLIBRO
_fc.6
_h77090
_i341
_si
_t3700.00
949 _a581.38 G7y 1981
_bBC
_cLIBRO
_d33724000864187
_eLIBRO
_gI.c/e
_h76287
_i341
_si
_t28.50
999 _c193
_d193